| 000 | 02173nam1a2200313 i 4500 | ||
|---|---|---|---|
| 001 | RU\NLR\bibl\820641 | ||
| 005 | 20260409073011.0 | ||
| 035 | _a(NLR Aleph) 000809557 | ||
| 090 |
_a1232505 _c1232505 |
||
| 100 | _a20050715g20049999u a0rusy50 ca | ||
| 101 | 0 | _arus | |
| 102 | _aRU | ||
| 105 | _a||||z ||||| | ||
| 200 | 1 |
_aСобрание законодательных и иных нормативных правовых актов Российской Федерации в области гражданской обороны, защиты населения и территорий от чрезвычайных ситуаций природного и техногенного характера, обеспечения пожарной безопасности и безопасности на водных объектах _fМ-во Рос. Федерации по делам гражд. обороны, чрезвычайн. ситуациям и ликвидации последствий стихийных бедствий _gпод общ. ред. Р.Х. Цаликова |
|
| 210 |
_aМосква _cВНИИПО _d2004 |
||
| 215 | _d20 | ||
| 463 | 0 | _1001815914 | |
| 463 | 0 | _1001851077 | |
| 606 |
_aГражданская оборона _jЗаконы, постановления и т.п. _jРуководства, пособия и т.п. _3RU\NLR\auth\661249840 _92074823 |
||
| 606 |
_aГражданская оборона _jЗаконодательные материалы _jУчебные издания _3RU\NLR\auth\661249840 _92074823 |
||
| 686 | _aЦ69,6(2Р)0б4я7 | ||
| 702 | 1 |
_4340 _8rus _7ca _aЦаликов _bР. Х. _f1956- _gРуслан Хаджисмелович _3RU\NLR\auth\7740163 _923115 |
|
| 712 | 0 | 1 |
_4570 _aРоссийская Федерация _bМинистерство по делам гражданской обороны, чрезвычайным ситуациям и ликвидации последствий стихийных бедствий _3RU\NLR\AUTH\887449 _9287026 |
| 801 | 0 |
_aRU _bNLR _c20050715 _grcr |
|
| 801 | 1 |
_aRU _bNLR _c20050715 |
|
| 852 |
_aNLR _j2005-3/17890 |
||
| 942 | _cBOOK | ||